000
00286nam a2200121Ia 4500
008
241014s9999||||xx |||||||||||||| ||und||
020
_a
81 239 0886 5
100
_a
Wallis T E
245
0
_a
T/b of Pharmacognosy
250
_a
5th
260
_b
CBS publishers&dis
_c
2005
942
_b
DCOP
_c
BK
999
_c
2353
_d
2353